[Event "Rated Blitz tournament I6sUxunv"]
[Site "?"]
[Date "2021.10.07"]
[Round "?"]
[White "LokyTheGreat"]
[Black "VVV-31"]
[Result "1-0"]
[WhiteElo "2452"]
[BlackElo "2288"]
[PlyCount "113"]
[EventDate "2021.??.??"]
[EventType "blitz"]

1. e4 e5 2. Nf3 d5 3. exd5 Bd6 4. Nc3 Nf6 5. Bb5+ c6 6. dxc6 Nxc6 7. O-O O-O 8.
Bxc6 bxc6 9. d3 h6 10. Re1 Re8 11. Ne4 Bc7 12. b3 Nd5 13. c4 Ne7 14. Bb2 Nf5
15. d4 exd4 16. Nxd4 Qh4 17. Nf6+ gxf6 18. Rxe8+ Kg7 19. g3 Nxg3 20. fxg3 Bxg3
21. Nf3 Bf2+ 22. Kh1 Qf4 23. Rxc8 Rxc8 24. Kg2 Bc5 25. Qd3 Rd8 26. Qc3 Qg4+ 27.
Kh1 Rd6 28. Rg1 Bxg1 29. Nxg1 Qe4+ 30. Qf3 Qxf3+ 31. Nxf3 Rd1+ 32. Kg2 Rb1 33.
Bd4 a5 34. Kf2 Rc1 35. Ke3 Rc2 36. a4 c5 37. Bxc5 Rc3+ 38. Ke4 Rxb3 39. Nd4 Rc3
40. Kd5 Kg6 41. Bb6 f5 42. Kc5 f4 43. Bxa5 Ra3 44. Kb4 Rd3 45. Bb6 f3 46. Nb5
Rd2 47. a5 f2 48. Bxf2 Rxf2 49. a6 Rxh2 50. a7 Rb2+ 51. Ka4 Rb1 52. Na3 Rb6 53.
a8=Q Rf6 54. Qg2+ Kh7 55. Nb5 Rf4 56. Kb4 h5 57. Kc3 {Normal} 1-0

[Event "Rated Blitz game"]
[Site "?"]
[Date "2021.10.07"]
[Round "?"]
[White "melikshakh"]
[Black "elrond"]
[Result "0-1"]
[WhiteElo "2304"]
[BlackElo "2423"]
[PlyCount "110"]
[EventDate "2021.??.??"]
[EventType "blitz"]

1. e4 e5 2. Nf3 d5 3. Nxe5 dxe4 4. d4 Bd6 5. Nc4 Nf6 6. Nxd6+ cxd6 7. Bb5+ Bd7
8. Bxd7+ Qxd7 9. c4 O-O 10. O-O Nc6 11. Nc3 Rfe8 12. Re1 a6 13. Bg5 Qf5 14.
Bxf6 Qxf6 15. Nxe4 Qxd4 16. Qxd4 Nxd4 17. Nxd6 Red8 18. Nxb7 Rdb8 19. Re7 Ra7
20. Rae1 Kf8 21. Rd7 Raxb7 22. Rxd4 Rxb2 23. Kf1 Rc2 24. Rd6 Rxa2 25. g3 g6 26.
Rf6 Kg7 27. Rf4 f5 28. g4 fxg4 29. Re7+ Kh6 30. Rxg4 Rbb2 31. Rf7 g5 32. Rf6+
Kg7 33. Rf5 h6 34. Rd4 Kg6 35. Rf8 a5 36. Rf3 a4 37. c5 Rc2 38. Rd6+ Kg7 39. c6
a3 40. Rd7+ Kg6 41. c7 Ra1+ 42. Kg2 a2 43. Ra3 Rac1 44. Rd6+ Kf7 45. Rda6 a1=Q
46. Rxa1 Rxa1 47. Rxa1 Rxc7 48. Ra6 Kg7 49. Kg3 Rc4 50. f3 Rh4 51. h3 Rb4 52.
Rc6 Rb7 53. Ra6 Rf7 54. Rc6 Rf6 55. Ra6 Rxa6 {Normal} 0-1

[Event "Rated Blitz game"]
[Site "?"]
[Date "2021.10.07"]
[Round "?"]
[White "AngelPerezQuinones"]
[Black "RCompany_1"]
[Result "1-0"]
[WhiteElo "2534"]
[BlackElo "2433"]
[PlyCount "65"]
[EventDate "2021.??.??"]
[EventType "blitz"]

1. e4 e5 2. Nf3 d5 3. exd5 e4 4. Ne5 Qxd5 5. d4 exd3 6. Nxd3 Nc6 7. Nc3 Qa5 8.
Bd2 Bf5 9. Be2 O-O-O 10. O-O Nd4 11. Bg4 Nf6 12. Bxf5+ Qxf5 13. Be3 Ng4 14.
Bxd4 Rxd4 15. h3 h5 16. a4 a6 17. Ne2 Rd8 18. Ng3 Qg6 19. Qf3 Bd6 20. Qf5+ Qxf5
21. Nxf5 Nf6 22. Nxg7 Rhg8 23. Nf5 Bf8 24. Rfe1 Rd5 25. Re5 Rd7 26. Rae1 b6 27.
a5 Kb7 28. axb6 cxb6 29. Ne7 Rg7 30. g3 h4 31. g4 Nh7 32. Nf5 Rg6 33. Re8 {
Time forfeit} 1-0

[Event "Rated Blitz game"]
[Site "?"]
[Date "2021.10.07"]
[Round "?"]
[White "miladmastering"]
[Black "Newton_54"]
[Result "1-0"]
[WhiteElo "2402"]
[BlackElo "2222"]
[PlyCount "87"]
[EventDate "2021.??.??"]
[EventType "blitz"]

1. e4 e5 2. Nf3 d5 3. Nxe5 Bd6 4. d4 dxe4 5. Nc4 Nf6 6. Nxd6+ Qxd6 7. Be2 O-O
8. O-O Nc6 9. c3 Ne7 10. Na3 Nf5 11. Bg5 Nd5 12. Nc4 Qg6 13. h4 h6 14. Ne5 Qh7
15. Bc1 f6 16. Bc4 Be6 17. Ng4 Qg6 18. h5 Qf7 19. Bxd5 Bxd5 20. Ne3 Be6 21. d5
Bd7 22. c4 Nh4 23. c5 f5 24. d6 f4 25. Ng4 Nxg2 26. Ne5 Qf5 27. Nxd7 f3 28.
Nxf8 Qg4 29. Qd5+ Kxf8 30. Kh2 Qh4+ 31. Kg1 c6 32. Qe6 Re8 33. Qf5+ Kg8 34. Be3
Nxe3 35. Qg6 Ng4 36. Qxg4 Kh7 37. Qxh4 e3 38. Qg3 e2 39. Rfe1 Rg8 40. Qg6+ Kh8
41. Rxe2 Rf8 42. Re7 Rg8 43. Rxg7 b6 44. Qxh6# {Normal} 1-0

[Event "Rated Blitz game"]
[Site "?"]
[Date "2021.10.07"]
[Round "?"]
[White "PimponNicois"]
[Black "SerialDrinker"]
[Result "1-0"]
[WhiteElo "2462"]
[BlackElo "2323"]
[PlyCount "115"]
[EventDate "2021.??.??"]
[EventType "blitz"]

1. e4 e5 2. Nf3 d5 3. exd5 e4 4. Qe2 Nf6 5. d3 Be7 6. dxe4 O-O 7. Qc4 c6 8.
dxc6 Nxc6 9. Bd3 Be6 10. Qa4 a6 11. e5 Ng4 12. Qf4 Qb6 13. O-O Rad8 14. Nc3 Nd4
15. Nxd4 Rxd4 16. Be3 Rxf4 17. Bxb6 Nxe5 18. Be2 Rb4 19. Bc7 Nc6 20. Rab1 Rc8
21. Bg3 Nd4 22. Bd3 Bf6 23. a3 Rb6 24. Ne4 Nxc2 25. Nxf6+ gxf6 26. Rfc1 Nd4 27.
Rxc8+ Bxc8 28. Rc1 Be6 29. b4 a5 30. Bc7 Rc6 31. Rxc6 Nxc6 32. bxa5 f5 33. a6
bxa6 34. Bxa6 Kf8 35. Bb5 Nd4 36. Ba6 Ke7 37. Be5 Nc6 38. Bc3 Kd7 39. f4 Kc7
40. Bd3 Ne7 41. Bd2 Nd5 42. Kf2 Kc6 43. Bc4 Nb6 44. Ba6 Na4 45. Kg3 Kd5 46.
Bb7+ Kd6 47. Bb4+ Kc7 48. Bf3 Nb2 49. Kh4 Na4 50. Kg5 Nb2 51. Kf6 Nc4 52. Bh5
Ne3 53. g3 Nd5+ 54. Kg7 Kd7 55. Bxf7 Ne3 56. Bxe6+ Kxe6 57. Kxh7 Ng4 58. a4 {
Time forfeit} 1-0

[Event "Rated Classical game"]
[Site "?"]
[Date "2021.10.07"]
[Round "?"]
[White "Nuncautnumquam"]
[Black "Notrashopenings0"]
[Result "0-1"]
[WhiteElo "2356"]
[BlackElo "2642"]
[PlyCount "58"]
[EventDate "2021.??.??"]

1. e4 e5 2. Nf3 d5 3. exd5 e4 4. Qe2 Nf6 5. Nc3 Be7 6. Nxe4 O-O 7. d3 Re8 8. c4
Bf5 9. Nc3 c6 10. dxc6 Nxc6 11. Be3 Qa5 12. Qd2 Rad8 13. Be2 Nb4 14. Nd4 Bg6
15. a3 Bc5 16. O-O Nxd3 17. b4 Nxb4 18. axb4 Qxb4 19. Ra4 Qb6 20. Rd1 h6 21.
Bf3 Bxd4 22. Bxd4 Rxd4 23. Ra2 Rxd2 24. Raxd2 Ne4 25. Nxe4 Bxe4 26. Bxe4 Rxe4
27. Rc2 Rd4 28. Rdc1 Qd6 29. Rf1 Rd1 {Normal} 0-1

[Event "Rated Blitz game"]
[Site "?"]
[Date "2021.10.07"]
[Round "?"]
[White "SubwayWithPepsi"]
[Black "Dzon_Vejn"]
[Result "0-1"]
[WhiteElo "2498"]
[BlackElo "2468"]
[PlyCount "62"]
[EventDate "2021.??.??"]
[EventType "blitz"]

1. e4 e5 2. Nf3 d5 3. Nxe5 Bd6 4. d4 dxe4 5. Bf4 Nd7 6. Nc3 Ngf6 7. Bc4 O-O 8.
Qe2 Nb6 9. Bb3 Bf5 10. O-O-O a5 11. a4 Qe7 12. Rhg1 Bb4 13. Na2 Be6 14. Bg5
Bxb3 15. cxb3 Nbd5 16. Qc4 c6 17. Nxb4 Qxb4 18. Rge1 Qd6 19. f3 exf3 20. gxf3
Rfe8 21. f4 Nd7 22. Bh4 f6 23. Nxd7 Qxd7 24. Bg3 Rxe1 25. Rxe1 Re8 26. Re2 Rxe2
27. Qxe2 Qe7 28. Qd2 b6 29. f5 Kf7 30. Kd1 Qe4 31. Qc2 Ne3+ {Normal} 0-1

[Event "Rated Blitz tournament x0UpcpuT"]
[Site "?"]
[Date "2021.10.07"]
[Round "?"]
[White "piscatorox"]
[Black "Lur15"]
[Result "0-1"]
[WhiteElo "2461"]
[BlackElo "2385"]
[PlyCount "92"]
[EventDate "2021.??.??"]
[EventType "blitz"]

1. e4 e5 2. Nf3 d5 3. exd5 e4 4. Qe2 Nf6 5. d3 Qxd5 6. dxe4 Qxe4 7. Nc3 Qxe2+
8. Bxe2 Nc6 9. O-O Be6 10. a3 O-O-O 11. Bg5 Bc5 12. Bxf6 gxf6 13. Ne4 Be7 14.
Rfd1 h6 15. Bd3 Ne5 16. Ne1 f5 17. Ng3 f4 18. Ne2 Bg5 19. f3 Bc4 20. Kf2 Rhe8
21. b3 Bxd3 22. cxd3 Nc6 23. d4 Bf6 24. Rab1 Nxd4 25. Nxf4 Nc6 26. Ned3 Bd4+
27. Kf1 Ne5 28. Nxe5 Bxe5 29. Nd3 Bxh2 30. Nf2 Bd6 31. Ne4 Bxa3 32. Nf6 Re6 33.
Nd5 Red6 34. Ne7+ Kb8 35. Rxd6 Bxd6 36. Nf5 h5 37. Ke2 Re8+ 38. Kd3 Re5 39. g4
hxg4 40. fxg4 b6 41. Rg1 a5 42. Nh6 Re7 43. Nf5 Rd7 44. Kc4 Kb7 45. g5 c6 46.
Kd3 Bc5+ {Normal} 0-1

[Event "Rated Blitz game"]
[Site "?"]
[Date "2021.10.07"]
[Round "?"]
[White "Kitikites"]
[Black "RCompany_1"]
[Result "1-0"]
[WhiteElo "2521"]
[BlackElo "2446"]
[PlyCount "105"]
[EventDate "2021.??.??"]
[EventType "blitz"]

1. e4 e5 2. Nf3 d5 3. Nc3 d4 4. Ne2 Nc6 5. d3 Bb4+ 6. c3 Ba5 7. b4 Bb6 8. b5
Nce7 9. cxd4 Bxd4 10. Nexd4 exd4 11. Be2 Nf6 12. O-O O-O 13. Bb2 c5 14. bxc6
Nxc6 15. Rc1 Qd6 16. Qa4 Rd8 17. h3 Be6 18. Rfe1 a6 19. a3 b5 20. Qc2 Rac8 21.
Qd2 Nd7 22. Rxc6 Rxc6 23. Nxd4 Rcc8 24. f4 f6 25. Nxe6 Qxe6 26. Bg4 Qb6+ 27. d4
Rc4 28. Kh1 Nf8 29. e5 a5 30. Bf5 b4 31. a4 b3 32. d5 Rc2 33. Bxc2 bxc2 34.
Qxc2 Rxd5 35. exf6 gxf6 36. Qc4 Qc5 37. Qxc5 Rxc5 38. Bxf6 Kf7 39. Be7 Rc4 40.
Bxf8 Kxf8 41. f5 Rxa4 42. Re5 Kf7 43. Rb5 h5 44. Kh2 h4 45. Rb6 Rf4 46. Rh6 a4
47. Rh7+ Kf6 48. Rh5 a3 49. Rh6+ Kxf5 50. Ra6 a2 51. Rxa2 Rb4 52. Rf2+ Kg5 53.
Rf3 {Time forfeit} 1-0

[Event "Rated Blitz game"]
[Site "?"]
[Date "2021.10.07"]
[Round "?"]
[White "PimponNicois"]
[Black "SerialDrinker"]
[Result "1-0"]
[WhiteElo "2471"]
[BlackElo "2314"]
[PlyCount "107"]
[EventDate "2021.??.??"]
[EventType "blitz"]

1. e4 e5 2. Nf3 d5 3. exd5 e4 4. Qe2 Nf6 5. d3 Qxd5 6. Nbd2 Bb4 7. c3 Be7 8.
dxe4 Qh5 9. Qb5+ Bd7 10. Qxh5 Nxh5 11. g3 Nc6 12. Bg2 O-O-O 13. O-O g5 14. Nb3
g4 15. Nfd4 Ne5 16. f4 gxf3 17. Nxf3 Nd3 18. Ne1 Nxc1 19. Rxc1 Be6 20. Nf3 Nf6
21. Nfd4 Bc4 22. Nf5 Bf8 23. Rfd1 Rxd1+ 24. Rxd1 Ng4 25. h3 Ne5 26. Na5 Be6 27.
b3 b6 28. Nc4 Nxc4 29. bxc4 Bxc4 30. Rd2 Bc5+ 31. Kh2 h5 32. e5 Re8 33. Nd4
Rxe5 34. Nc6 Re2 35. Nxa7+ Kb8 36. Nc6+ Kc8 37. Rd8+ Kb7 38. Ne5+ Rxg2+ 39.
Kxg2 Bxa2 40. Rd2 Be6 41. Nf3 Be3 42. Re2 Bh6 43. Nd4 Bd5+ 44. Kh2 Bg7 45. Rf2
Bxd4 46. cxd4 c5 47. Rd2 c4 48. Rc2 b5 49. g4 b4 50. Rxc4 b3 51. Rb4+ Kc6 52.
Rxb3 hxg4 53. hxg4 Kd6 54. g5 {Time forfeit} 1-0

[Event "Rated Blitz game"]
[Site "?"]
[Date "2021.10.07"]
[Round "?"]
[White "Chesspleb187"]
[Black "jeruchess"]
[Result "0-1"]
[WhiteElo "2286"]
[BlackElo "2433"]
[PlyCount "116"]
[EventDate "2021.??.??"]
[EventType "blitz"]

1. e4 e5 2. Nf3 d5 3. exd5 e4 4. Ng1 Qxd5 5. d3 exd3 6. Qxd3 Nf6 7. Nc3 Bb4 8.
Bd2 Qe6+ 9. Qe2 O-O 10. Qxe6 Bxe6 11. O-O-O Nc6 12. a3 Bc5 13. f3 Rad8 14. Bd3
Ne5 15. Be4 c6 16. Nge2 Nc4 17. Bd3 Nxd2 18. Kxd2 Bc4 19. Kc1 Bxd3 20. cxd3
Be3+ 21. Kc2 Nd5 22. Nxd5 Rxd5 23. Nc3 Rd7 24. Rhe1 Bd4 25. Re4 g6 26. Rde1
Rfd8 27. Rd1 Kg7 28. Ne2 Bf6 29. g4 h6 30. h3 c5 31. Rc4 b6 32. b4 cxb4 33.
axb4 a5 34. bxa5 bxa5 35. Rc5 a4 36. Ra5 Rc8+ 37. Kd2 Rb7 38. Rxa4 Rb2+ 39. Ke3
Re8+ 40. Re4 Rd8 41. f4 Rb3 42. Rd2 Rd7 43. Ng3 Bd8 44. f5 Bb6+ 45. Kf3 Rbxd3+
46. Rxd3 Rxd3+ 47. Kg2 Bc7 48. Ne2 gxf5 49. gxf5 Kf6 50. Rc4 Rd7 51. Rc6+ Kxf5
52. Rxh6 f6 53. Rh5+ Kg6 54. Rc5 Be5 55. Rc4 Kf5 56. Ng3+ Ke6 57. Rc6+ Kf7 58.
Rc4 Rd2+ {Normal} 0-1

[Event "Rated Blitz game"]
[Site "?"]
[Date "2021.10.07"]
[Round "?"]
[White "mohammadreza-s"]
[Black "Annali-annaliew1979"]
[Result "0-1"]
[WhiteElo "2404"]
[BlackElo "2427"]
[PlyCount "60"]
[EventDate "2021.??.??"]
[EventType "blitz"]

1. e4 e5 2. Nf3 d5 3. Nxe5 Qe7 4. d4 f6 5. Nf3 dxe4 6. Nfd2 f5 7. c4 Nf6 8. Nc3
Nc6 9. d5 Ne5 10. Nb3 Bd7 11. Be3 b6 12. Nd4 Qf7 13. Be2 a6 14. O-O Bd6 15. h3
O-O 16. f4 exf3 17. Bxf3 Rae8 18. Ne6 Nxc4 19. Bg5 Bxe6 20. dxe6 Qxe6 21. Bxf6
Qxf6 22. Bd5+ Kh8 23. Bxc4 Rd8 24. Qf3 Qd4+ 25. Kh1 Qxc4 26. Rad1 b5 27. Nd5 f4
28. b3 Qc2 29. Qg4 Rde8 30. Nxf4 Bxf4 {Normal} 0-1

[Event "Rated Blitz game"]
[Site "?"]
[Date "2021.10.07"]
[Round "?"]
[White "Orsanchez"]
[Black "geptil"]
[Result "1-0"]
[WhiteElo "2634"]
[BlackElo "2470"]
[PlyCount "83"]
[EventDate "2021.??.??"]
[EventType "blitz"]

1. e4 e5 2. Nf3 d5 3. d4 dxe4 4. Nxe5 Bd6 5. Nc4 Nf6 6. Bg5 O-O 7. Ne3 h6 8.
Bh4 Nc6 9. Be2 Bf4 10. c3 g5 11. Bg3 Ne7 12. Nd2 c6 13. Ndf1 Kg7 14. h4 Qd6 15.
Qc2 Be6 16. b3 Rh8 17. O-O-O a5 18. c4 a4 19. c5 Qc7 20. b4 a3 21. Kb1 Rhd8 22.
Bc4 Bd5 23. Bxd5 cxd5 24. Ka1 Qc6 25. Rb1 Qb5 26. Qd2 Ra4 27. Bxf4 gxf4 28. Nc2
e3 29. fxe3 Ne4 30. Qe1 Qc4 31. Rc1 Qd3 32. exf4 Nf5 33. Rh3 Qb5 34. g4 Ne7 35.
h5 Nc6 36. g5 Re8 37. gxh6+ Kh8 38. Nfe3 Nf6 39. Qg3 Rg8 40. Qf2 Ne4 41. Qe1
Qc4 42. Nxc4 {Normal} 1-0

[Event "Rated Blitz game"]
[Site "?"]
[Date "2021.10.07"]
[Round "?"]
[White "M-P-M"]
[Black "Indian_cat"]
[Result "0-1"]
[WhiteElo "2344"]
[BlackElo "2446"]
[PlyCount "142"]
[EventDate "2021.??.??"]
[EventType "blitz"]

1. e4 e5 2. Nf3 d5 3. Nxe5 Bd6 4. d4 dxe4 5. Nc3 Nf6 6. Bc4 O-O 7. Bg5 Nbd7 8.
O-O Nxe5 9. dxe5 Bxe5 10. Bxf6 Qxd1 11. Raxd1 Bxf6 12. Nd5 Bd8 13. Rfe1 c6 14.
Nc3 Ba5 15. Rxe4 Bf5 16. Re7 Bxc2 17. Rdd7 Rad8 18. Rxf7 Rxf7 19. Bxf7+ Kf8 20.
Rxd8+ Bxd8 21. Bc4 Bf6 22. a3 Bxc3 23. bxc3 Ke7 24. f3 Kd6 25. Kf2 b5 26. Bg8
a5 27. Ke3 c5 28. Kd2 Bg6 29. Bb3 b4 30. cxb4 cxb4 31. axb4 axb4 32. Ke3 Bf5
33. Kd4 Be6 34. Bc2 h6 35. Bb1 Bd5 36. h4 b3 37. Kc3 Kc5 38. g3 Bxf3 39. Kxb3
Kd4 40. Kb2 Ke3 41. Bf5 Kf2 42. g4 Kg3 43. g5 h5 44. Kc3 Kxh4 45. g6 Bg4 46.
Be4 Kg3 47. Kd4 h4 48. Ke3 h3 49. Bh1 h2 50. Be4 Bh3 51. Kd4 Bg2 52. Bd3 h1=Q
53. Kc3 Qh6 54. Kd4 Bh3 55. Ke5 Kh4 56. Be4 Kg5 57. Kd4 Bf5 58. Ke3 Bxe4 59.
Kxe4 Qxg6+ 60. Kd4 Qf6+ 61. Ke3 Kh6 62. Kd2 g5 63. Ke3 g4 64. Ke2 g3 65. Ke3 g2
66. Kd3 g1=Q 67. Ke4 Qgg5 68. Kd3 Qff4 69. Ke2 Qgg3 70. Kd1 Qff2 71. Kc1 Qgg1#
{Normal} 0-1

[Event "Rated Blitz game"]
[Site "?"]
[Date "2021.10.07"]
[Round "?"]
[White "davekoenig"]
[Black "alaeldin12"]
[Result "0-1"]
[WhiteElo "2415"]
[BlackElo "2383"]
[PlyCount "68"]
[EventDate "2021.??.??"]
[EventType "blitz"]

1. e4 e5 2. Nf3 d5 3. exd5 e4 4. Ne5 Qxd5 5. d4 exd3 6. Nxd3 Nf6 7. Nc3 Qd8 8.
Be2 Nc6 9. O-O Be7 10. Nf4 Bf5 11. Nfd5 O-O 12. Nxe7+ Nxe7 13. Bg5 Ng6 14. Qc1
h6 15. Rd1 Qe7 16. Bd3 Bxd3 17. Nd5 Qe5 18. Bxf6 Qxd5 19. Bc3 Rad8 20. Rxd3 Qf5
21. Rxd8 Rxd8 22. Qe3 Nf4 23. Qe5 Qg4 24. g3 Ne2+ 25. Kg2 Nxc3 26. Qxc3 Qe4+
27. Kg1 c6 28. Re1 Qg4 29. Qe3 Rd1 30. Kg2 Rxe1 31. Qxe1 Qc4 32. Qe8+ Kh7 33.
Qd7 b5 34. Qf5+ g6 {Time forfeit} 0-1

[Event "Rated Blitz game"]
[Site "?"]
[Date "2021.10.07"]
[Round "?"]
[White "melikshakh"]
[Black "elrond"]
[Result "1/2-1/2"]
[WhiteElo "2295"]
[BlackElo "2433"]
[PlyCount "120"]
[EventDate "2021.??.??"]
[EventType "blitz"]

1. e4 e5 2. Nf3 d5 3. Nxe5 Bd6 4. d4 dxe4 5. Nc4 Nf6 6. Nxd6+ cxd6 7. Bb5+ Nbd7
8. O-O O-O 9. c4 a6 10. Ba4 b5 11. cxb5 axb5 12. Bxb5 Qa5 13. Nc3 Ba6 14. a4
Rfb8 15. Bd2 Qb6 16. Bg5 h6 17. Bxf6 Nxf6 18. b4 Rc8 19. Bxa6 Rxc3 20. Bb5 Nd5
21. Qe2 Qxd4 22. Rfd1 Qe5 23. Qd2 Nxb4 24. Qxd6 Qxd6 25. Rxd6 Nd3 26. f3 f5 27.
fxe4 fxe4 28. Bc6 Rc8 29. Bd5+ Kh8 30. h4 e3 31. Bf3 Ne5 32. Re1 Re8 33. a5 Nc4
34. Rc6 Rc2 35. a6 Na3 36. Rxc2 Nxc2 37. Re2 Nd4 38. Kf1 Nxe2 39. Kxe2 Re7 40.
Bb7 Re5 41. a7 Ra5 42. a8=Q+ Rxa8 43. Bxa8 Kh7 44. Kxe3 g5 45. Be4+ Kg7 46. h5
Kf6 47. g4 Ke5 48. Bf5 Kf6 49. Ke4 Ke7 50. Ke5 Kf7 51. Bg6+ Ke7 52. Kf5 Kf8 53.
Bh7 Kg7 54. Ke5 Kxh7 55. Kf6 Kh8 56. Kg6 Kg8 57. Kxh6 Kh8 58. Kxg5 Kg8 59. h6
Kh8 60. Kg6 Kg8 {Time forfeit} 1/2-1/2

[Event "Rated Blitz game"]
[Site "?"]
[Date "2021.10.07"]
[Round "?"]
[White "AndreyKostin"]
[Black "Annali-annaliew1979"]
[Result "0-1"]
[WhiteElo "2426"]
[BlackElo "2436"]
[PlyCount "118"]
[EventDate "2021.??.??"]
[EventType "blitz"]

1. e4 e5 2. Nf3 d5 3. Nxe5 Qe7 4. d4 f6 5. Nd3 Nc6 6. Be3 dxe4 7. Nf4 f5 8.
Qh5+ Qf7 9. Qxf7+ Kxf7 10. Bc4+ Ke8 11. Nd5 Bd6 12. Nbc3 a6 13. O-O Nge7 14. f3
exf3 15. Rxf3 g6 16. Bh6 Na5 17. Nf6+ Kd8 18. Bg7 Nxc4 19. Bxh8 c6 20. b3 Na3
21. d5 Nxc2 22. Rd1 c5 23. g4 Nd4 24. Rf2 Kc7 25. Bg7 b5 26. g5 b4 27. Ne2
Nxe2+ 28. Rxe2 Bb7 29. Rde1 Kd8 30. Re6 Nc8 31. Re8+ Kc7 32. Bf8 Bf4 33. d6+
Nxd6 34. R1e7+ Kc6 35. Rxa8 Bxa8 36. Ra7 Bb7 37. Bxd6 Bxd6 38. Ne8 Bb8 39. Rxb7
Kxb7 40. Nf6 Bf4 41. Nxh7 Kc6 42. h4 Kd5 43. Nf8 Be3+ 44. Kg2 a5 45. Nxg6 a4
46. Kf3 Bc1 47. Ne7+ Ke6 48. Nc6 axb3 49. axb3 Kd5 50. g6 Bh6 51. Ne7+ Ke6 52.
Nc6 Kf6 53. h5 Kg5 54. Nd8 Kxh5 55. Ne6 Kxg6 56. Nxc5 Bf8 57. Nd3 Kf6 58. Nf4
Ke5 59. Nd3+ Kd4 {Time forfeit} 0-1

[Event "Rated Blitz game"]
[Site "?"]
[Date "2021.10.07"]
[Round "?"]
[White "ANDSANGARZON-1114"]
[Black "geptil"]
[Result "1-0"]
[WhiteElo "2538"]
[BlackElo "2462"]
[PlyCount "65"]
[EventDate "2021.??.??"]
[EventType "blitz"]

1. e4 e5 2. Nf3 d5 3. exd5 e4 4. Nd4 Qxd5 5. Nb3 Nf6 6. Nc3 Qf5 7. Be2 Qg6 8.
g3 Nc6 9. O-O h5 10. d3 h4 11. dxe4 Bd6 12. Bf3 hxg3 13. fxg3 Bxg3 14. hxg3
Qxg3+ 15. Bg2 Ng4 16. Bf4 Qh4 17. Nd5 g5 18. Nxc7+ Kf8 19. Bd6+ Kg7 20. Qf3 f5
21. exf5 Nce5 22. f6+ Kh6 23. Bxe5 Nxe5 24. Qf2 Qh5 25. Rae1 Ng4 26. Qg3 Rb8
27. f7 Bd7 28. Qd6+ Kg7 29. Qd4+ Kh7 30. Be4+ Kh6 31. Rf6+ Kg7 32. Rg6+ Kh7 33.
Qg7# {Normal} 1-0

[Event "Rated Blitz game"]
[Site "?"]
[Date "2021.10.07"]
[Round "?"]
[White "ZHeMbA"]
[Black "RCompany_1"]
[Result "1-0"]
[WhiteElo "2481"]
[BlackElo "2464"]
[PlyCount "75"]
[EventDate "2021.??.??"]
[EventType "blitz"]

1. e4 e5 2. Nf3 d5 3. Nxe5 Bd6 4. d4 dxe4 5. Nc3 Bxe5 6. dxe5 Qxd1+ 7. Nxd1 Nc6
8. Bb5 Bd7 9. Bf4 Nge7 10. Nc3 Ng6 11. Bxc6 Bxc6 12. Bg3 h5 13. h4 O-O-O 14.
O-O Rd2 15. Rac1 Re8 16. Rfe1 f5 17. exf6 gxf6 18. Ne2 f5 19. Nf4 Nxf4 20. Bxf4
Rd7 21. Rcd1 Red8 22. Rxd7 Rxd7 23. Bg5 Ba4 24. b3 Bb5 25. f3 Bc6 26. g4 hxg4
27. fxg4 fxg4 28. Kf2 Rf7+ 29. Kg3 Rf3+ 30. Kxg4 Rf2 31. Rd1 b6 32. Rd2 Rxd2
33. Bxd2 Kd7 34. Kg5 Bd5 35. h5 Ke7 36. h6 Bg8 37. Kg6 Ke6 38. Kg7 {Normal} 1-0

[Event "Rated Blitz game"]
[Site "?"]
[Date "2021.10.07"]
[Round "?"]
[White "Lantori"]
[Black "Schachelite"]
[Result "0-1"]
[WhiteElo "2551"]
[BlackElo "2519"]
[PlyCount "102"]
[EventDate "2021.??.??"]
[EventType "blitz"]

1. e4 e5 2. Nf3 d5 3. exd5 e4 4. Qe2 Nf6 5. d3 Qxd5 6. Nbd2 Nc6 7. dxe4 Qe6 8.
Qc4 Qe7 9. Bd3 Be6 10. Qa4 O-O-O 11. O-O Kb8 12. Bb5 Bd7 13. c3 a6 14. Bd3 Ne5
15. Qc2 Nxd3 16. Qxd3 Bb5 17. Qe3 Bxf1 18. Kxf1 Ng4 19. Qe2 h5 20. h3 Ne5 21.
Nxe5 Qxe5 22. Nf3 Qb5 23. Qxb5 axb5 24. Ne5 Rd1+ 25. Ke2 Rg1 26. Nxf7 Rg8 27.
Kf3 Bc5 28. e5 Rf8 29. e6 Re8 30. Ne5 Kc8 31. Nd3 Bd6 32. b3 Rxe6 33. Bb2 Rf6+
34. Ke4 Rxa1 35. Bxa1 Re6+ 36. Kf3 Be5 37. Nxe5 Rxe5 38. c4 Rf5+ 39. Ke2 g6 40.
cxb5 Rxb5 41. f4 Rc5 42. Kd2 Rd5+ 43. Ke2 Ra5 44. a4 Ra6 45. g4 hxg4 46. hxg4
Rb6 47. f5 gxf5 48. gxf5 Rxb3 49. Bg7 Kd7 50. f6 Ke6 51. a5 Kf7 {Normal} 0-1

[Event "Rated Blitz game"]
[Site "?"]
[Date "2021.10.07"]
[Round "?"]
[White "Orsanchez"]
[Black "geptil"]
[Result "1-0"]
[WhiteElo "2637"]
[BlackElo "2455"]
[PlyCount "97"]
[EventDate "2021.??.??"]
[EventType "blitz"]

1. e4 e5 2. Nf3 d5 3. exd5 e4 4. Ne5 Qxd5 5. d4 exd3 6. Nxd3 Nf6 7. Nc3 Qf5 8.
Be2 Bd6 9. O-O O-O 10. Bf3 Nc6 11. Be3 Bd7 12. a4 a6 13. Re1 Rad8 14. h3 Rfe8
15. Qc1 Ne5 16. Nxe5 Qxe5 17. g3 Bxh3 18. Bxb7 Bc8 19. Bg2 Qh5 20. Bf4 Ng4 21.
Bxd6 cxd6 22. Qf4 g5 23. Rxe8+ Rxe8 24. Qxd6 Bb7 25. Nd5 Re2 26. Nf6+ Nxf6 27.
Qxf6 Bxg2 28. Kxg2 g4 29. Rc1 Qd5+ 30. Kg1 Re6 31. Qf4 f5 32. Rf1 Kg7 33. c4
Qc5 34. Rd1 Re4 35. Qg5+ Kf7 36. Rd7+ Ke8 37. Rd8+ Kf7 38. Qh5+ Kf6 39. Qh6+
Ke7 40. Qf8+ Ke6 41. Qxc5 Re5 42. Re8+ Kf7 43. Qxe5 Kg6 44. Re7 Kg5 45. Rg7+
Kh6 46. Rxg4 fxg4 47. f3 gxf3 48. Kf2 Kg6 49. Kxf3 {Time forfeit} 1-0

[Event "Rated Blitz game"]
[Site "?"]
[Date "2021.10.07"]
[Round "?"]
[White "cyrilortega62"]
[Black "RCompany_1"]
[Result "1/2-1/2"]
[WhiteElo "2512"]
[BlackElo "2445"]
[PlyCount "98"]
[EventDate "2021.??.??"]
[EventType "blitz"]

1. e4 e5 2. Nf3 d5 3. Nxe5 Bd6 4. d4 dxe4 5. Nc3 Bxe5 6. dxe5 Qxd1+ 7. Nxd1 Nc6
8. Bb5 Bd7 9. Nc3 a6 10. Bxc6 Bxc6 11. Bf4 O-O-O 12. Rd1 Ne7 13. Rxd8+ Rxd8 14.
Bg3 Ng6 15. f4 exf3 16. gxf3 Bxf3 17. Rf1 Bc6 18. Rxf7 Rd7 19. e6 Re7 20. Rxe7
Nxe7 21. Be5 g6 22. Bf6 Nd5 23. Nxd5 Bxd5 24. e7 Kd7 25. a3 Bf7 26. h4 Ke6 27.
Bg5 Kf5 28. Kd2 Kg4 29. Ke3 h6 30. Bf6 g5 31. hxg5 hxg5 32. c4 Be8 33. b4 Kf5
34. Bg7 Kg6 35. Bf8 Bd7 36. Kf3 Kf5 37. a4 b6 38. b5 axb5 39. cxb5 Be8 40. Kg3
Bd7 41. Kf3 Ke5 42. Kg3 Kd5 43. Bh6 Kc4 44. Bxg5 Kb3 45. Bf4 c5 46. Bc7 Kxa4
47. Bxb6 Kxb5 48. Bxc5 Kxc5 49. e8=Q Bxe8 {Normal} 1/2-1/2

[Event "Rated Blitz game"]
[Site "?"]
[Date "2021.10.07"]
[Round "?"]
[White "melikshakh"]
[Black "elrond"]
[Result "0-1"]
[WhiteElo "2297"]
[BlackElo "2431"]
[PlyCount "74"]
[EventDate "2021.??.??"]
[EventType "blitz"]

1. e4 e5 2. Nf3 d5 3. Nxe5 dxe4 4. d4 Bd6 5. Nc4 Nf6 6. Nxd6+ cxd6 7. Bb5+ Nbd7
8. O-O O-O 9. c4 a6 10. Ba4 b5 11. cxb5 axb5 12. Bxb5 Qb6 13. Nc3 Ba6 14. a4
Bxb5 15. Nxb5 Qxb5 16. axb5 Rxa1 17. Qb3 Nb6 18. Bf4 Rxf1+ 19. Kxf1 d5 20. Bd6
Nc4 21. Qb4 Ra8 22. b6 Ra1+ 23. Ke2 Nd7 24. b7 h5 25. b8=Q+ Nxb8 26. Qxb8+ Kh7
27. Ba3 Rc1 28. g3 Rc2+ 29. Ke1 Rc1+ 30. Ke2 Rc2+ 31. Kf1 e3 32. fxe3 Nxe3+ 33.
Kg1 Rg2+ 34. Kh1 Rd2 35. h4 Rd1+ 36. Kh2 Rd2+ 37. Kh3 Ng4 {Normal} 0-1

[Event "Rated Blitz game"]
[Site "?"]
[Date "2021.10.07"]
[Round "?"]
[White "FdoVzla1986"]
[Black "RCompany_1"]
[Result "0-1"]
[WhiteElo "2489"]
[BlackElo "2457"]
[PlyCount "90"]
[EventDate "2021.??.??"]
[EventType "blitz"]

1. e4 e5 2. Nf3 d5 3. Nc3 d4 4. Ne2 Nf6 5. d3 Nc6 6. g3 Bb4+ 7. Bd2 Bxd2+ 8.
Qxd2 Nd7 9. Bg2 O-O 10. Nh4 a5 11. O-O Nc5 12. f4 exf4 13. Nxf4 Qg5 14. Rf2 Ne5
15. Nd5 Qxd2 16. Rxd2 c6 17. Ne7+ Kh8 18. Nxc8 Raxc8 19. Rf1 g6 20. Bh3 Rcd8
21. Rdf2 Kg7 22. Nf3 Nxf3+ 23. Rxf3 f6 24. Kf2 h5 25. Ke2 Rde8 26. Kd2 a4 27.
a3 g5 28. R3f2 g4 29. Bg2 Nd7 30. Rf5 Kg6 31. Ra5 Ra8 32. Rff5 Ne5 33. Rxa8
Rxa8 34. Bh1 c5 35. Bg2 b5 36. c3 Rd8 37. Bf1 Nf3+ 38. Kc2 Nxh2 39. Bg2 Rc8 40.
cxd4 cxd4+ 41. Kd2 b4 42. axb4 Rb8 43. b5 Rb6 44. Rc5 h4 45. Ke2 h3 {Time
forfeit} 0-1